Statistics for Austria... or Australia?

Click here to take the quiz!

General Stats

  • This quiz has been taken 26,148 times
    (25,954 since last reset)
  • The average score is 12 of 16

Answer Stats

Question Answer % Correct
Is in the northern hemisphereAustria
98%
Has the drier climate on averageAustralia
95%
Has stars on its flagAustralia
94%
Its second biggest city starts with the letter "G"Austria
91%
More than 5% of the country has Chinese ancestryAustralia
91%
Has the lower population density of the twoAustralia
89%
Has the higher elevation (both average and maximum)Austria
88%
Its capital is also its most populous cityAustria
85%
Mining represents the largest sector of its export economyAustralia
77%
Has more cows than people (and also more sheep than people)Australia
75%
Over half of the country is CatholicAustria
73%
Is considered to be a high income countryBoth
69%
Has hosted the Olympic GamesBoth
56%
Its name is related to a compass direction (ex: north, south, east, west)Both
50%
Over 10% of its population lives in its largest cityBoth
49%
Has not suffered any military combat casualties since the end of WWIIAustria
43%

Score Distribution

Percentile by Number Answered

Percent of People with Each Score

Your Score History

You have not taken this quiz since the last reset